Personnalités selon leurs vrais noms - Statistiques

Statistiques générales
  • Ce quiz a été pris 61 fois
  • Le résultat moyen est 15 sur 29
Statistiques - réponses
Vrai nom Pseudo % Correct
Matthieu Chedid M
100%
Mylène Gautier Mylène Farmer
88%
Jean Philippe Smet Johnny Hallyday
82%
Jean Baptiste Poquelin Molière
82%
Michel Colucci Coluche
79%
Edith Gassion Edith Piaf
75%
Gabrielle Chanel Coco Chanel
68%
Cassius Clay Mohamed Ali
68%
Nesta Robert Marley Bob Marley
63%
Florian et Olivio Ordonez Bigflo et Oli
61%
Gandhi Djuna Maître Gims
61%
Michèle Mathy Mimie Mathy
60%
Didier Morville Joey Starr
54%
Mélanie Georgiades Diam's
51%
Isabelle Truchis de Varenne Zazie
47%
Jacques Essebag Arthur
46%
Vladimir Ilitch Oulianov Lénine
46%
Marshall Bruce Mathers III Eminem
42%
Karine Mfayokurera Karine Lemarchand
42%
Stefanie Germanotta Lady Gaga
42%
Farrock Bulsara Freddy Mercury
32%
Ivo Livi Yves Montand
32%
Michel Hamburger Michel Berger
30%
Paul Van Aver Stromae
28%
Marguerite Donnadieu Marguerite Duras
26%
Curtis James Jackson III 50 Cent
21%
Aurore Dupin, baronne Dudevant George Sand
19%
Reginald Kenneth Dwight Elton John
14%
Claude Vorilhon Rael
12%
Aucun quiz correspondant
Distribution des résultats
% des personnes avec chaque résultat
Percentile par nombre de réponses
Votre historique - résultats
Vous n’avez pas pris ce quiz